Versos trasnochados (Record no. 164616)

MARC details
000 -LEADER
campo de control de longitud fija 00831nam a22001935i 4500
001 - NÚMERO DE CONTROL
campo de control 164616
003 - IDENTIFICADOR DE NÚMERO DE CONTROL
campo de control ES-MaACL
005 - FECHA Y HORA DE LA ÚLTIMA TRANSACCIÓN
campo de control 20250816063148.0
008 - DATOS DE LONGITUD FIJA--INFORMACIÓN GENERAL
campo de control de longitud fija 050801s1884 sp | |||||||| ||spa d
040 ## - FUENTE DE CATALOGACIÓN
Centro catalogador/agencia de origen CAM
Lengua de catalogación spa
Centro/agencia transcriptor CAM
100 1# - ENTRADA PRINCIPAL--NOMBRE DE PERSONA
Nombre de persona Sánchez y González de Somoano, José,
Fechas asociadas al nombre 1850-1913
9 (RLIN) 133037
245 10 - MENCIÓN DEL TÍTULO
Título Versos trasnochados
Resto del título : gimnástica intelectual /
Mención de responsabilidad, etc. por José Sánchez y González de Somoano; con prólogo de Antonio Guerra y Alarcón.
260 ## - PUBLICACIÓN, DISTRIBUCIÓN, ETC.
Lugar de publicación, distribución, etc. Madrid :
Nombre del editor, distribuidor, etc. [s.n.],
Fecha de publicación, distribución, etc. 1884 (
Fabricante Imprenta de M. Minuesa de los Ríos)
300 ## - DESCRIPCIÓN FÍSICA
Extensión 46, [48] p. ;
Dimensiones 15 cm.
597 ## - NOTA DE DESCRIPCIÓN FÍSICA
NOTA DE DESCRIPCIÓN FÍSICA Las [48] p. sólo con texto en el recto.
700 1# - ENTRADA AGREGADA--NOMBRE PERSONAL
Nombre de persona Guerra y Alarcón, Antonio.
9 (RLIN) 127603
852 ## - LOCALIZACIÓN
Ubicación ES-MaACL
Número de control de estantería T-403-F-7
Nota libre -- Enc. hol.
-- -- Dedic. ms. del autor al Ateneo Ciéntifico y Literario de Madrid
Holdings
Estatus retirado Estado de pérdida Estado de daño No para préstamo Colección Biblioteca de origen Biblioteca actual Ubicación en estantería Fecha de adquisición Total de préstamos Signatura topográfica completa Código de barras Visto por última vez Precio de reemplazo Tipo de ítem Koha
        Colección de folletos Biblioteca del Ateneo de Madrid Biblioteca del Ateneo de Madrid Depósito folletos 17/01/2008   T-403-F-7 1172562 23/02/2023 23/02/2023 Folleto